ბათუმის შოთა რუსთაველის სახელმწიფო უნივერსიტეტის ბიბლიოთეკა

Численное моделирование (ბიბ.ჩანაწერი № 48146)

000 -LEADER
fixed length control field 00584nam a2200217Ia 4500
001 - CONTROL NUMBER
control field 15028
003 - CONTROL NUMBER IDENTIFIER
control field GE_BSU
008 - FIXED-LENGTH DATA ELEMENTS--GENERAL INFORMATION
fixed length control field 181216s||||||||xx |||||||||||||| ||und||
020 ## - INTERNATIONAL STANDARD BOOK NUMBER
International Standard Book Number 5-211020774
040 ## - CATALOGING SOURCE
Transcribing agency GE_BSU
080 ## - UNIVERSAL DECIMAL CLASSIFICATION NUMBER
Universal Decimal Classification number 519.6
100 ## - MAIN ENTRY--PERSONAL NAME
Personal name Вабищевич,П.Н.
245 ## - TITLE STATEMENT
Title Численное моделирование
245 ## - TITLE STATEMENT
Statement of responsibility, etc. Под.ред.А.А.Самарского
260 ## - PUBLICATION, DISTRIBUTION, ETC.
Place of publication, distribution, etc. Москва
260 ## - PUBLICATION, DISTRIBUTION, ETC.
Name of publisher, distributor, etc. Просвещение.
260 ## - PUBLICATION, DISTRIBUTION, ETC.
Date of publication, distribution, etc. 1993
300 ## - PHYSICAL DESCRIPTION
Extent 152стр.21см.
653 ## - INDEX TERM--UNCONTROLLED
Uncontrolled term Численное моделирование
942 ## - ADDED ENTRY ELEMENTS (KOHA)
Koha item type წიგნი
ეგზემპლარები
Withdrawn status Lost status Damaged status Not for loan Date acquired Barcode Date last seen Price effective from Koha item type
        2018-12-17 17969 2018-12-17 2018-12-17 წიგნი